Kerajaan tempatan : Teori dan peranan di Malaysia

Bibliographic Details
Main Author: AHMAD Atory Hussain
Format: Book
Published: Kuala Lumpur : DBP , 1997
Subjects:

MARC

LEADER 00000cam a2200000 7i4500
001 0000001119
005 20140104.0
020 0 0 |a 9836217401 
090 0 0 |a 320.809595   |b AHM 1997 
100 0 0 |a AHMAD Atory Hussain 
245 1 0 |a Kerajaan tempatan :   |b Teori dan peranan di Malaysia   |c Ahmad Atory Hussain 
260 0 0 |a Kuala Lumpur :   |b DBP ,   |c 1997 
300 |a viii, 270 p. ;   |c 22 cm. 
500 0 0 |a Includes bibliographical references and index 
650 0 0 |a Local government   |z Malaysia 
998 |a JPSM 
999 |a 0000002030   |b Monograph   |c Open Shelf   |e Default branch